01107nab a22002297a 4500999001500000003000400015005001700019008004100036040000700077100003300084245011600117260007200233300001000305500003800315505019300353505008900546650002600635650003400661650003100695773013800726942001300864 c5723d5723OSt20251231174104.0190605e xxu||||| |||| 00| 0 spa d cPJ 96168aSalgado, José Manuel13aEl fracaso de la conciliación laboral obligatoria desde la teoría y la práctica /cJosé Manuel Salgado. aCiudad Autónoma de Buenos Aires :bThomson Reuters La Ley,c2023. ap. 45 aCita: TR LALEY AR/DOC/942/2023.  aSumario: I. Introducción.— II. Concurrencia obligatoria del trabajador.— III. Desventajas vinculadas con la coyuntura.— IV. Algunos vicios del sistema.— V. Solución propuesta.  t¿Te interesa el texto completo? Solicitalo al correo: koha@justierradelfuego.gov.ar 091316aDERECHO LABORAL 091367aASOCIACIONES SINDICALES 091328aCONCILIACION LABORAL0 0271193168dCiudad Autónoma de Buenos Aires : Thomson Reuters La Ley, 1999-2002.tRevista de derecho del trabajo. Nº 3 - Mayo 2023 2udccANA